Copia de un Breve acerca del año del uso del Breviario compuesto por San Bruno para los cartujos

Detalles Bibliográficos
Formato: Libro
Publicado: Roma, 1623
Colección:Banco de datos
Acervo:Biblioteca Palafoxiana. Colección de Manuscritos
Descripción Física:1 f. ; 21 x 30 cm.
LEADER 00373nam a22001210004500
035 |a 1359 
245 1 0 |a Copia de un Breve acerca del año del uso del Breviario compuesto por San Bruno para los cartujos 
260 |a Roma, 1623 
300 |a 1 f. ; 21 x 30 cm. 
949 |a 32280/114 
942 |c PALAMANU 
943 |g Biblioteca Palafoxiana. Colección de Manuscritos 
999 |c 1069304  |d 1069304